Nic, co byste už nevěděli Úvahy o smyslu bytí a seberealizaci
Saved in:
| Main Author | |
|---|---|
| Format | Electronic eBook |
| Language | Czech |
| Published |
Alferia
2026
|
| Edition | 1. elektronické vydání |
| Subjects | |
| Online Access | Dostupné v BOOKPORT po přihlášení pomocí eduID |
| ISBN | 978-80-271-8347-0 978-80-271-8348-7 978-80-271-5960-4 |
| Physical Description | 1 online zdroj (152 stran) |
| LEADER | 00000nam a2200000 i 4500 | ||
|---|---|---|---|
| 001 | bkp15065 | ||
| 003 | CZ-prgp | ||
| 005 | 20260407112622.0 | ||
| 006 | m o d | ||
| 007 | cr cn | ||
| 008 | 260407s2026 xr o 000 0 cze | ||
| 020 | |a 978-80-271-8347-0 |c 288 Kč |q (online ; pdf) | ||
| 020 | |a 978-80-271-8348-7 |c 288 Kč |q (online ; epub) | ||
| 020 | |a 978-80-271-5960-4 |c 345 Kč |q (print) | ||
| 040 | |a Grada |b cze |e rda | ||
| 100 | 1 | |a den, Heijer, Alexander | |
| 245 | 1 | 0 | |a Nic, co byste už nevěděli |b Úvahy o smyslu bytí a seberealizaci |c Alexander den Heijer |
| 250 | |a 1. elektronické vydání | ||
| 264 | 1 | |b Alferia |c 2026 | |
| 300 | |a 1 online zdroj (152 stran) | ||
| 336 | |a text |b txt |2 rdacontent | ||
| 337 | |a počítač |b c |2 rdamedia | ||
| 338 | |a online zdroj |b cr |2 rdacarrier | ||
| 520 | 3 | |a Slovo seberealizace znamená dvě věci. Na jednu stranu se týká realizace našeho potenciálu, stávání se tím, kým bychom mohli být, a na stranu druhou se týká poznání našeho pravého já. Tato kniha souvisí s obojím. Je určena všem, kteří se chtějí vydat za naplněním vlastního potenciálu, vnitřním poznáním a touží žít smysluplný život. | |
| 650 | 0 | 4 | |a Komunikace |
| 650 | 0 | 4 | |a Sebepoznání |
| 650 | 0 | 4 | |a Osobní rozvoj a kariéra |
| 650 | 0 | 4 | |a Šťastný život |
| 650 | 0 | 4 | |a Kariéra a zaměstnání |
| 650 | 0 | 4 | |a Úspěch a motivace |
| 856 | 4 | 0 | |u https://www.bookport.cz/AccountSaml/SignIn/?idp=https://shibboleth.utb.cz/idp/shibboleth&returnUrl=/kniha/nic-co-byste-uz-nevedeli-15886/ |y Dostupné v BOOKPORT po přihlášení pomocí eduID |